000 00490nam a2200193Ia 4500
003 OSt
005 20140311163110.0
008 140130s9999 xx 000 0 und d
050 _aPZ 7
_b.Ab131S16 2002
100 _aAbott, Tony
_930859
245 _cAbott, Tony.
_aThe knights of silversnow /
260 _bScholastic,
_c2002.
_aNew York :
300 _a122 p. :
_bill. ;
_c18 cm.
440 _v1
_930860
521 _aG3
526 _c500
942 _cBK-SCHOLAS
_2lcc
999 _c40554
_d40554